[Event "Hamar CC-ch"]
[Site "Hamar"]
[Date "2014.02.20"]
[Round "4"]
[White "Jotun, Jan"]
[Black "Brobakken, Geir"]
[Result "1-0"]
[WhiteElo "1649"]
[BlackElo "1692"]
[PlyCount "107"]
[EventDate "2014.01.09"]
[EventType "swiss"]
[EventRounds "9"]
[EventCountry "NOR"]
[SourceTitle "EXT 2024"]
[Source "ChessBase"]
[SourceDate "2023.10.10"]
[SourceVersion "1"]
[SourceVersionDate "2023.10.10"]
[SourceQuality "1"]

1. d4 Nf6 2. g3 d5 3. Bg2 c6 4. Nf3 g6 5. 0-0 Bg7 6. Re1 0-0 7. Nbd2 Nbd7 8. c4 e6 9. a4 a5 10. b3 Re8 11. Bb2 dxc4 12. Nxc4 Nb6 13. e4 Nfd7 14. Qc2 Nxc4 15. bxc4 e5 16. d5 Bf8 17. Ba3 Bxa3 18. Rxa3 Qe7 19. Rae3 f6 20. Nd2 Nc5 21. Nb1 Na6 22. Qb3 Qb4 23. Qa2 Kg7 24. f4 Qc5 25. Kh1 Nb4 26. Qb3 Ra6 27. R3e2 Rb6 28. fxe5 fxe5 29. Rf1 Rf8 30. Qc3 Rxf1+ 31. Bxf1 Qd6 32. c5 Qf6 33. Re1 Na2 34. Qd2 Rxb1 35. Rxb1 Nb4 36. Bg2 Bd7 37. Rf1 Qe7 38. d6 Qd8 39. Qf2 Be6 40. h4 Bc4 41. Rd1 Bb3 42. Rb1 Be6 43. Qb2 Bc4 44. Qc3 Be6 45. Rf1 Qd7 46. Qxe5+ Kg8 47. Rf6 Bf7 48. Qd4 Nc2 49. Qf2 Nb4 50. Kh2 Nd3 51. Qe3 Ne1 52. Bh3 Qd8 53. Rf2 Bb3 54. Qc3 1-0

[Event "Hamar CC-ch"]
[Site "Hamar"]
[Date "2013.04.18"]
[Round "8"]
[White "Brobakken, Geir"]
[Black "Jotun, Jan"]
[Result "0-1"]
[WhiteElo "1712"]
[BlackElo "1635"]
[PlyCount "118"]
[EventDate "2013.01.03"]
[EventType "swiss"]
[EventRounds "9"]
[EventCountry "NOR"]
[SourceTitle "EXT 2024"]
[Source "ChessBase"]
[SourceDate "2023.10.10"]
[SourceVersion "1"]
[SourceVersionDate "2023.10.10"]
[SourceQuality "1"]

1. e4 e5 2. Nc3 Bc5 3. Bc4 c6 4. Qf3 Qf6 5. d3 b5 6. Bb3 Qxf3 7. Nxf3 f6 8. Be3 Na6 9. a3 Bxe3 10. fxe3 Nc7 11. d4 d6 12. 0-0-0 Bg4 13. h3 Bxf3 14. gxf3 Nh6 15. Rdg1 g6 16. h4 Nf7 17. h5 g5 18. Ne2 Ke7 19. c3 h6 20. Ng3 d5 21. Nf5+ Ke6 22. Kd2 Nd6 23. Nxd6 Kxd6 24. exd5 cxd5 25. Rh2 Rhf8 26. a4 a6 27. Bc2 Ne6 28. Bd3 b4 29. Bf5 bxc3+ 30. bxc3 Rab8 31. Rb1 Rxb1 32. Bxb1 f5 33. dxe5+ Kxe5 34. Bd3 Rb8 35. Kc1 Nc5 36. Bc2 Ne6 37. Re2 Ng7 38. Rg2 Kf6 39. Rd2 Ke6 40. Bd1 Ke5 41. f4+ Ke6 42. fxg5 hxg5 43. h6 Ne8 44. Rh2 Nf6 45. Bh5 Rh8 46. Bg6 Ng4 47. Rb2 Rxh6 48. Be8 Rh1+ 49. Kc2 Rh2+ 50. Kc1 Rxb2 51. Kxb2 Nxe3 52. Kb3 g4 53. Bh5 f4 54. Kb4 f3 55. Bg6 g3 56. Ka5 g2 57. Kxa6 g1Q 58. Kb5 Nc4 59. Bd3 Qb6# 0-1

[Event "Hedmark & Oppland Region-ch"]
[Site "Hamar"]
[Date "2013.04.06"]
[Round "3"]
[White "Brobakken, Geir"]
[Black "Soberg, Anders"]
[Result "1-0"]
[WhiteElo "1727"]
[BlackElo "876"]
[PlyCount "31"]
[EventDate "2013.04.06"]
[EventType "swiss"]
[EventRounds "5"]
[EventCountry "NOR"]
[SourceTitle "EXT 2024"]
[Source "ChessBase"]
[SourceDate "2023.10.10"]
[SourceVersion "1"]
[SourceVersionDate "2023.10.10"]
[SourceQuality "1"]

1. e4 e5 2. Nc3 Nf6 3. Bc4 Nxe4 4. Qh5 Nd6 5. Bb3 Nc6 6. Nb5 g6 7. Qf3 Nf5 8. Qd5 Qf6 9. Nxc7+ Kd8 10. Nxa8 Nd6 11. d3 Ne7 12. Qf3 Nef5 13. h4 b5 14. Bg5 Bb7 15. Bxf6+ Ke8 16. Nc7# 1-0

[Event "Hamar CC-ch"]
[Site "Hamar"]
[Date "2013.03.07"]
[Round "5"]
[White "Ormasen, Hogne"]
[Black "Brobakken, Geir"]
[Result "0-1"]
[WhiteElo "1212"]
[BlackElo "1712"]
[PlyCount "78"]
[EventDate "2013.01.03"]
[EventType "swiss"]
[EventRounds "9"]
[EventCountry "NOR"]
[SourceTitle "EXT 2024"]
[Source "ChessBase"]
[SourceDate "2023.10.10"]
[SourceVersion "1"]
[SourceVersionDate "2023.10.10"]
[SourceQuality "1"]

1. f4 d5 2. Nf3 g6 3. e3 Bg7 4. Nc3 c5 5. Be2 Nc6 6. b3 Nf6 7. Bb2 0-0 8. 0-0 Bf5 9. Bb5 a6 10. Bxc6 bxc6 11. Rc1 Nd7 12. Na4 Bxb2 13. Nxb2 Qa5 14. Na4 Bg4 15. h3 Bxf3 16. Rxf3 Nf6 17. d3 e6 18. Qe1 Qxe1+ 19. Rxe1 Nd7 20. e4 Rab8 21. f5 exf5 22. exf5 Rfe8 23. Rxe8+ Rxe8 24. Kf2 Kf8 25. h4 c4 26. d4 Re4 27. c3 cxb3 28. axb3 Rxh4 29. fxg6 hxg6 30. Rh3 Rxh3 31. gxh3 Kg7 32. Kg3 Kf6 33. Kf4 g5+ 34. Kg4 Kg6 35. h4 gxh4 36. Kxh4 Kf5 37. Nb2 Ke4 38. Kg3 Ke3 39. Kg4 Kd2 0-1